Random Oceania Capital to Country - Statistics

General Stats
  • This quiz has been taken 3,912 times
  • The average score is 4 of 5
Answer Stats
Capital City Country % Correct
Wellington New Zealand
96%
Canberra Australia
95%
Port Moresby Papua New Guinea
83%
Apia Samoa
82%
Suva Fiji
81%
Nukuʻalofa Tonga
73%
Funafuti Tuvalu
72%
Port Vila Vanuatu
70%
Yaren Nauru
69%
Ngerulmud Palau
68%
Majuro Marshall Islands
67%
Honiara Solomon Islands
67%
South Tarawa Kiribati
64%
Palikir Fed. States of Micronesia
63%
No matching quizzes found
Score Distribution
Percent of People with Each Score
Percentile by Number Answered
Your Score History
You have not taken this quiz